| 000 | 00582na a2200205 4500 | ||
|---|---|---|---|
| 001 | 16008 | ||
| 003 | MIRAKIL | ||
| 005 | 20181213154754.0 | ||
| 008 | 160928b tu 000 0 | ||
| 040 |
_aMilas _btur _cTR-AnCHP |
||
| 082 |
_a891.73 _bD67ö 1969 |
||
| 090 | _a891.73 D67ö 1969 | ||
| 100 | _aDostoyevski | ||
| 245 |
_aÖlü bir evden anılar _cDostoyevski ; Rusça aslından çeviren Nihal Yalaza Taluy |
||
| 260 |
_aİstanbul _bCem yayınevi _c1969 |
||
| 300 |
_a368 s. _c19 sm. |
||
| 650 |
_aRus edebiyatı _xRoman |
||
| 700 | _aTaluy, Nihal Yalaza | ||
| 942 |
_2ddc _cBKS |
||
| 999 |
_c586 _d586 |
||